Normal view
MARC view
- LOWC, SCOTT J
Entry Personal Name
001 - CONTROL NUMBER
- control field: 89059
003 - CONTROL NUMBER IDENTIFIER
- control field: NUST
005 - DATE AND TIME OF LATEST TRANSACTION
- control field: 20220215163350.0
008 - FIXED-LENGTH DATA ELEMENTS
- fixed length control field: 220215|| aca||aabn | a|a d
040 ## - CATALOGING SOURCE
- Original cataloging agency: NUST
- Transcribing agency: NUST
100 ## - HEADING--PERSONAL NAME
- Personal name: LOWC, SCOTT J
670 ## - SOURCE DATA FOUND
- Source citation: Work cat.: (NUST): LOWC, SCOTT J., CONSTRUCTION ON CONTAMINATED SITES /, 1997.
